| 000 | 00497nam a22001577a 4500 | ||
|---|---|---|---|
| 003 | OSt | ||
| 008 | 250110b |||||||| |||| 00| 0 eng d | ||
| 041 | _aeng | ||
| 082 | _a028.72 658 | ||
| 100 |
_aGovt of India, Department of Labour, Ministry of Labour and Rehabilitation _96921 |
||
| 245 | _aTraining Manual for Industrial Training Institutes and Centres. | ||
| 260 |
_aNew Delhi: _bTata McGraw Hill Publishing Co Ltd, _c1985. |
||
| 300 | _a132p. | ||
| 700 |
_aIsrael, Reuben _96922 |
||
| 942 | _cBK | ||
| 999 |
_c19013 _d19013 |
||